Die 10 größten Städte - Tschechien - Statistiken

Allgemein
  • Dieses Quiz wurde 290 mal gespielt
  • Das Durchschnittsergebnis liegt bei 5 aus 10
Antwortstatistiken
Einwohner Stadt
(tschechisch / deustch)
% Korrekt
1.301.432 Praha / Prag
100%
398.510 Brno / Brünn
86%
174.007 Plzeň / Pilsen
83%
282.450 Ostrava / Ostrau
58%
104.340 Liberec / Reichenberg
49%
95.664 České Budějovice / Budweis
44%
106.063 Olomuc / Olmütz
44%
89.713 Ústí nad Labem / Aussig a. d. Elbe
33%
92.649 Hradec Králové / Königgrätz
25%
89.619 Pardubice / Pardubitz
25%
Keine übereinstimmenden Quizze gefunden
Verteilung der Resultate
Anzahl Personen mit jedem Resultat
Perzentil nach korrekt beantworteten Fragen
Ihre Resultats-Entwicklung
Sie haben dieses Quiz noch nicht gespielt